| 000 | 00488nam a2200169Ia 4500 | ||
|---|---|---|---|
| 008 | 090201s9999 xx 000 0 und d | ||
| 010 | _aKPL-12782 | ||
| 040 | _bमराठी | ||
| 041 | _aमराठी | ||
| 082 |
_a24373 _b12782 |
||
| 100 | _aला. कृ. आयरे | ||
| 245 |
_aईर्षा _cला. कृ. आयरे |
||
| 260 |
_c2004 _bवसुंधरा प्रकाशन |
||
| 300 |
_a71 _bमोठा |
||
| 600 | _aईर्षा | ||
| 942 | _cBOOK | ||
| 999 |
_c223704 _d223704 |
||